00438 a2200145 4500020001800000020001800018040001300036100002000049245007300069250001100142260005200153300003700205650002800242700002200270 a0-7637-1357-0 a0-7637-1357-0 aDLCbDLC1 aZill, Dennis G.00aAdvanced engineering mathematics cDennis G. Zill, Michael R. Cullen a2. ed. aSudbury, Mass :bJones and Bartlett,ccop. 2000 axvi, 926, 96 s. :bill. ;c26 cm 0aEngineering mathematics1 aCullen, Michael R